| 000 | 00616nam a2200229 4500 | ||
|---|---|---|---|
| 999 |
_c7326 _d7326 |
||
| 001 | 833590 | ||
| 003 | GBCCL | ||
| 005 | 20241126110625.0 | ||
| 008 | 700302s1970 inu b 000 0 eng | ||
| 010 | _a 77087325 | ||
| 040 |
_aDLC _cDLC _dDLC |
||
| 050 | 0 | 0 |
_aBR121.2 _b.C7 |
| 082 | 0 | 0 |
_a248 _bCRI |
| 100 | 1 |
_aCrim, Mort. _912970 |
|
| 245 | 1 | 0 | _aLike it is! |
| 260 |
_aAnderson, Ind., _bWarner Press _c[1970] |
||
| 300 |
_a124 p. _c21 cm. |
||
| 504 | _aIncludes bibliographical references. | ||
| 650 | 0 |
_aChristianity _y20th century. _9436 |
|
| 906 |
_a7 _bcbc _corignew _du _encip _f19 _gy-gencatlg |
||
| 942 |
_2ddc _cBK |
||